000 01055cam a2200313 i 4500
001 17256774
003 EG-ScBUE
005 20260126092004.0
008 120416t2012 nyua f b 001 0 eng d
020 _a9781617798849 (alk. paper)
040 _aBTCTA
_beng
_erda
_cBTCTA
_dUKMGB
_dRML
_dYDXCP
_dBWX
_dNUI
_dUAF
_dGZM
_dDLC
_dEG-ScBUE
082 0 4 _222
_a572.6
_bQUA
245 0 0 _aQuantitative methods in proteomics /
_cedited by Katrin Marcus.
264 1 _aNew York :
_bHumana Press ;
_bSpringer,
_c[2012]
264 4 _cc2012
300 _axv, 539 pages :
_billustrations (some color) ;
_c27 cm.
336 _2rdacontent
_atext
_btxt
337 _aunmediated
_2rdamedia
_bn
338 _avolume
_bnc
_2rdacarrier
490 0 _aMethods in molecular biology
_vv. 893
490 0 _aSpringer protocols
504 _aIncludes bibliographical references and index.
650 7 _aProteomics
_vLaboratory manuals.
_2BUEsh
651 _2BUEsh
653 _bPPhrm
_cMarch2016
655 _vReading book
700 1 _aMarcus, Katrin,
_eeditor.
942 _2ddc
_cBB
999 _c21311
_d21283